| 000 | 00829cam a2200217 4500 | ||
|---|---|---|---|
| 001 | ABS66004 | ||
| 008 | 021021n2002 000 0 eng u | ||
| 035 | _a(Sirsi) u120191 | ||
| 100 | _aMann, W. | ||
| 245 | _aNorthern lights shine for YJL | ||
| 260 | _c2002 | ||
| 490 |
_aContract Journal _v415(6396) 25 September 2002, 16-17(2) |
||
| 520 | _aTop 50 contracts for August. YJL Construction heads the league after securing a £150m deal with JNP Infraco on London Underground for the refurbishment of 38 stations on the Northern Line. There was surprising growth in management contract awards. Tables. | ||
| 590 | _aABS | ||
| 650 | _aLEAGUE TABLES | ||
| 650 | _aCONTRACT AWARDS | ||
| 650 | _aINFRASTRUCTURE WORK | ||
| 650 | _aMANAGEMENT CONTRACTS | ||
| 690 | _aBUILT ENVIRONMENT-BUILDING CONTRACT FORMS | ||
| 942 | _n0 | ||
| 999 |
_c71393 _d71393 |
||